003460000a22001090004500090001700000245007600017041001400093100003800107942001300145773006100158999001700219 aASbSeriadas10aNotas sobre el comportamiento del perico de pluma ()0 aEspañol1 aBorrero H., José Ignacio996971 cARTICULO1 tLozania: Acta Zoológica Colombiana3375h32q1-6d1980 c15162d15162